[Event "T-Director's Swiss sytem"]
[Site "playchess.com #662980"]
[Date "2014.03.16"]
[Round "4"]
[White "Kenis"]
[Black "El Viento"]
[Result "1-0"]
[WhiteElo "1474"]
[BlackElo "1068"]
[PlyCount "77"]
[EventDate "2014.03.16"]
[EventType "swiss (blitz)"]

1. e4 {[%emt 0:00:02]} e5 {[%emt 0:00:03]} 2. Nf3 {[%emt 0:00:01]} Nc6 {[%emt
0:00:03]} 3. Bb5 {[%emt 0:00:01]} Nf6 {[%emt 0:00:11]} 4. d3 {[%emt 0:00:03]}
Bc5 {[%emt 0:00:06]} 5. O-O {[%emt 0:00:05]} O-O {[%emt 0:00:11]} 6. Bxc6 {
[%emt 0:00:01]} bxc6 {[%emt 0:00:07]} 7. Nxe5 {[%emt 0:00:01]} Re8 {[%emt 0:00:
07]} 8. Nf3 {[%emt 0:00:01]} d5 {[%emt 0:00:12]} 9. e5 {[%emt 0:00:05]} Nd7 {
[%emt 0:00:04]} 10. d4 {[%emt 0:00:03]} Bb6 {[%emt 0:00:20]} 11. Bg5 {[%emt 0:
00:02]} f6 {[%emt 0:00:08]} 12. exf6 {[%emt 0:00:02]} Nxf6 {[%emt 0:00:05]} 13.
Bxf6 {[%emt 0:00:06]} Qxf6 {[%emt 0:00:05]} 14. c3 {[%emt 0:00:01]} Bg4 {[%emt
0:00:10]} 15. Nbd2 {[%emt 0:00:02]} Qg6 {[%emt 0:00:04]} 16. Qb1 {[%emt 0:00:
04]} Qd6 {[%emt 0:00:33]} 17. Ne5 {[%emt 0:00:06]} Re6 {[%emt 0:00:26]} 18. Qd3
{[%emt 0:00:05]} Rae8 {[%emt 0:00:05]} 19. Nxg4 {[%emt 0:00:01]} Re2 {[%emt 0:
00:13]} 20. Ne3 {[%emt 0:00:04]} Rxd2 {[%emt 0:00:21]} 21. Qxd2 {[%emt 0:00:02]
} c5 {[%emt 0:00:06]} 22. dxc5 {[%emt 0:00:02]} Bxc5 {[%emt 0:00:02]} 23. Qxd5+
{[%emt 0:00:02]} Qxd5 {[%emt 0:00:07]} 24. Nxd5 {[%emt 0:00:01]} c6 {[%emt 0:
00:06]} 25. Nb4 {[%emt 0:00:03]} Re2 {[%emt 0:00:08]} 26. Nxc6 {[%emt 0:00:02]}
Rxb2 {[%emt 0:00:03]} 27. a4 {[%emt 0:00:04]} a5 {[%emt 0:00:07]} 28. Nd4 {
[%emt 0:00:01]} h6 {[%emt 0:00:05]} 29. h3 {[%emt 0:00:02]} Rc2 {[%emt 0:00:12]
} 30. Rfc1 {[%emt 0:00:06]} Rd2 {[%emt 0:00:00]} 31. Rab1 {[%emt 0:00:06]} Ba3
{[%emt 0:00:13]} 32. Rd1 {[%emt 0:00:04]} Rb2 {[%emt 0:00:14]} 33. Rxb2 {[%emt
0:00:01]} Bxb2 {[%emt 0:00:02]} 34. c4 {[%emt 0:00:01]} Bc3 {[%emt 0:00:05]}
35. c5 {[%emt 0:00:02]} Kf7 {[%emt 0:00:10]} 36. c6 {[%emt 0:00:01]} Ke8 {
[%emt 0:00:04]} 37. Nb5 {[%emt 0:00:01]} Be5 {[%emt 0:00:18]} 38. c7 {[%emt 0:
00:01]} Bxc7 {[%emt 0:00:08]} 39. Nxc7+ {[%emt 0:00:02] El Viento abandonne}
1-0

[Event "T-Director's Swiss sytem"]
[Site "playchess.com #662980"]
[Date "2014.03.16"]
[Round "9"]
[White "Kenis"]
[Black "LarsvanSchooten"]
[Result "0-1"]
[WhiteElo "1500"]
[BlackElo "1681"]
[PlyCount "112"]
[EventDate "2014.03.16"]
[EventType "swiss (blitz)"]

1. e4 {[%emt 0:00:03]} c5 {[%emt 0:00:01]} 2. c3 {[%emt 0:00:01]} d5 {[%emt 0:
00:02]} 3. exd5 {[%emt 0:00:02]} Qxd5 {[%emt 0:00:01]} 4. Nf3 {[%emt 0:00:04]}
Nc6 {[%emt 0:00:01]} 5. d4 {[%emt 0:00:02]} cxd4 {[%emt 0:00:01]} 6. Nxd4 {
[%emt 0:00:03]} Nxd4 {[%emt 0:00:07]} 7. Qxd4 {[%emt 0:00:01]} Qxd4 {[%emt 0:
00:01]} 8. cxd4 {[%emt 0:00:01]} Bf5 {[%emt 0:00:02]} 9. Bb5+ {[%emt 0:00:03]}
Bd7 {[%emt 0:00:02]} 10. Nc3 {[%emt 0:00:03]} Nf6 {[%emt 0:00:03]} 11. O-O {
[%emt 0:00:02]} e6 {[%emt 0:00:01]} 12. Bg5 {[%emt 0:00:03]} Be7 {[%emt 0:00:
05]} 13. Rac1 {[%emt 0:00:02]} Bxb5 {[%emt 0:00:03]} 14. Nxb5 {[%emt 0:00:01]}
O-O {[%emt 0:00:03]} 15. Rc2 {[%emt 0:00:12]} Nd5 {[%emt 0:00:05]} 16. Bxe7 {
[%emt 0:00:02]} Nxe7 {[%emt 0:00:01]} 17. Rc7 {[%emt 0:00:04]} Nf5 {[%emt 0:00:
02]} 18. Rxb7 {[%emt 0:00:02]} a6 {[%emt 0:00:01]} 19. Nc7 {[%emt 0:00:03]}
Rac8 {[%emt 0:00:05]} 20. d5 {[%emt 0:00:02]} exd5 {[%emt 0:00:06]} 21. Nxd5 {
[%emt 0:00:01]} Rc2 {[%emt 0:00:03]} 22. Rb1 {[%emt 0:00:03]} h6 {[%emt 0:00:
05]} 23. h3 {[%emt 0:00:01]} Rd8 {[%emt 0:00:07]} 24. Ne7+ {[%emt 0:00:02]}
Nxe7 {[%emt 0:00:01]} 25. Rxe7 {[%emt 0:00:01]} Rdd2 {[%emt 0:00:01]} 26. Rf1 {
[%emt 0:00:04]} Rxb2 {[%emt 0:00:03]} 27. a4 {[%emt 0:00:01]} Ra2 {[%emt 0:00:
05]} 28. Re4 {[%emt 0:00:02]} Rd3 {[%emt 0:00:05]} 29. Rc4 {[%emt 0:00:02]}
Rda3 {[%emt 0:00:02]} 30. Rc8+ {[%emt 0:00:15]} Kh7 {[%emt 0:00:02]} 31. Rc7 {
[%emt 0:00:01]} Kg6 {[%emt 0:00:01]} 32. Rc6+ {[%emt 0:00:01]} f6 {[%emt 0:00:
03]} 33. Rc7 {[%emt 0:00:06]} Rxa4 {[%emt 0:00:05]} 34. g3 {[%emt 0:00:01]} Rd4
{[%emt 0:00:06]} 35. h4 {[%emt 0:00:01]} Rdd2 {[%emt 0:00:01]} 36. h5+ {[%emt
0:00:02]} Kxh5 {[%emt 0:00:03]} 37. Rxg7 {[%emt 0:00:01]} a5 {[%emt 0:00:01]}
38. Rf7 {[%emt 0:00:02]} Kg6 {[%emt 0:00:02]} 39. Ra7 {[%emt 0:00:04]} a4 {
[%emt 0:00:01]} 40. Ra6 {[%emt 0:00:01]} a3 {[%emt 0:00:01]} 41. Ra4 {[%emt 0:
00:01]} Rd3 {[%emt 0:00:05]} 42. Kg2 {[%emt 0:00:03]} Rb2 {[%emt 0:00:02]} 43.
Ra1 {[%emt 0:00:02]} Rdd2 {[%emt 0:00:04]} 44. R4xa3 {[%emt 0:00:03]} Rxf2+ {
[%emt 0:00:02]} 45. Kh3 {[%emt 0:00:01]} Kg5 {[%emt 0:00:07]} 46. Ra5+ {[%emt
0:00:02]} f5 {[%emt 0:00:02]} 47. Rh1 {[%emt 0:00:05]} h5 {[%emt 0:00:11]} 48.
Ra8 {[%emt 0:00:02]} Rf3 {[%emt 0:00:04]} 49. Rg8+ {[%emt 0:00:01]} Kf6 {[%emt
0:00:02]} 50. Rf8+ {[%emt 0:00:01]} Kg7 {[%emt 0:00:01]} 51. Re8 {[%emt 0:00:
05]} Rbb3 {[%emt 0:00:06]} 52. Rg1 {[%emt 0:00:02]} f4 {[%emt 0:00:11]} 53.
Re7+ {[%emt 0:00:15]} Kf6 {[%emt 0:00:03]} 54. Re8 {[%emt 0:00:15]} Kf7 {[%emt
0:00:02]} 55. Re5 {[%emt 0:00:04]} Rxg3+ {[%emt 0:00:08]} 56. Kh2 {[%emt 0:00:
09]} Rb2+ {[%emt 0:00:11] Kenis abandonne} 0-1

[Event "T-Director's Swiss sytem"]
[Site "playchess.com #662980"]
[Date "2014.03.16"]
[Round "7"]
[White "Kenis"]
[Black "Marcounet06"]
[Result "1/2-1/2"]
[WhiteElo "1485"]
[BlackElo "1553"]
[PlyCount "71"]
[EventDate "2014.03.16"]
[EventType "swiss (blitz)"]

1. e4 {[%emt 0:00:00]} c5 {[%emt 0:00:05]} 2. c3 {[%emt 0:00:02]} Nc6 {[%emt 0:
00:05]} 3. d4 {[%emt 0:00:02]} cxd4 {[%emt 0:00:07]} 4. cxd4 {[%emt 0:00:01]}
e5 {[%emt 0:00:06]} 5. dxe5 {[%emt 0:00:02]} Qa5+ {[%emt 0:00:09]} 6. Bd2 {
[%emt 0:00:05]} Qxe5 {[%emt 0:00:05]} 7. Nc3 {[%emt 0:00:02]} Bb4 {[%emt 0:00:
05]} 8. Nf3 {[%emt 0:00:02]} Qe7 {[%emt 0:00:25]} 9. Nd5 {[%emt 0:00:03]} Qxe4+
{[%emt 0:00:10]} 10. Ne3 {[%emt 0:00:07]} Bxd2+ {[%emt 0:00:14]} 11. Nxd2 {
[%emt 0:00:07]} Qe6 {[%emt 0:00:11]} 12. Be2 {[%emt 0:00:04] Marcounet06
reconnected. Kenis réclame le gain suite à déconnexion} Nf6 {[%emt 0:01:49]
Kenis propose la nulle} 13. O-O {[%emt 0:01:04]} O-O {[%emt 0:00:04]} 14. a3 {
[%emt 0:00:10]} d5 {[%emt 0:00:02]} 15. Nf3 {[%emt 0:00:04]} h6 {[%emt 0:00:14]
} 16. Nd4 {[%emt 0:00:11]} Nxd4 {[%emt 0:00:03]} 17. Qxd4 {[%emt 0:00:02]} Qe4
{[%emt 0:00:09]} 18. Qc5 {[%emt 0:00:08]} d4 {[%emt 0:00:10]} 19. Bf3 {[%emt 0:
00:05]} Qf4 {[%emt 0:00:32]} 20. Nc4 {[%emt 0:00:14]} Be6 {[%emt 0:00:04]} 21.
Qb4 {[%emt 0:00:18]} Rac8 {[%emt 0:00:07]} 22. Nd2 {[%emt 0:00:06]} Nd5 {[%emt
0:00:04]} 23. Bxd5 {[%emt 0:00:03]} Bxd5 {[%emt 0:00:03]} 24. Nb3 {[%emt 0:00:
25]} Qe4 {[%emt 0:00:09]} 25. f3 {[%emt 0:00:03]} Qe3+ {[%emt 0:00:05]} 26. Kh1
{[%emt 0:00:02]} Qxb3 {[%emt 0:00:03]} 27. Qxd4 {[%emt 0:00:04]} Rc2 {[%emt 0:
00:07]} 28. Qg4 {[%emt 0:00:08]} Bc6 {[%emt 0:00:07]} 29. Qg3 {[%emt 0:00:02]}
Qxb2 {[%emt 0:00:06]} 30. a4 {[%emt 0:00:05]} a5 {[%emt 0:00:07]} 31. Rg1 {
[%emt 0:00:07]} Re8 {[%emt 0:00:06]} 32. Qg4 {[%emt 0:00:06]} Ree2 {[%emt 0:00:
02]} 33. Qc8+ {[%emt 0:00:06]} Kh7 {[%emt 0:00:08]} 34. Qf5+ {[%emt 0:00:01]}
g6 {[%emt 0:00:03]} 35. Qxf7+ {[%emt 0:00:03]} Qg7 {[%emt 0:00:03]} 36. Qf4 {
[%emt 0:00:05]} 1/2-1/2

[Event "T-Director's Swiss sytem"]
[Site "playchess.com #662980"]
[Date "2014.03.16"]
[Round "1"]
[White "Kenis"]
[Black "MatildaAB"]
[Result "0-1"]
[WhiteElo "1493"]
[BlackElo "2103"]
[PlyCount "106"]
[EventDate "2014.03.16"]
[EventType "swiss (blitz)"]

1. e4 {[%emt 0:00:03]} e5 {[%emt 0:00:01]} 2. Nf3 {[%emt 0:00:24]} Nc6 {[%emt
0:00:01]} 3. Bb5 {[%emt 0:00:01]} a6 {[%emt 0:00:02]} 4. Bxc6 {[%emt 0:00:01]}
dxc6 {[%emt 0:00:00]} 5. h3 {[%emt 0:00:01]} Bd6 {[%emt 0:00:09]} 6. O-O {
[%emt 0:00:01]} Nf6 {[%emt 0:00:04]} 7. Re1 {[%emt 0:00:01]} O-O {[%emt 0:00:
05]} 8. d4 {[%emt 0:00:01]} Qe7 {[%emt 0:00:08]} 9. dxe5 {[%emt 0:00:04]} Bxe5
{[%emt 0:00:01]} 10. Nxe5 {[%emt 0:00:01]} Qxe5 {[%emt 0:00:00]} 11. Nc3 {
[%emt 0:00:02]} b5 {[%emt 0:00:18]} 12. Qf3 {[%emt 0:00:01]} Bb7 {[%emt 0:00:
07]} 13. Bf4 {[%emt 0:00:01]} Qe7 {[%emt 0:00:05]} 14. Qe3 {[%emt 0:00:09]} c5
{[%emt 0:00:11]} 15. Bg5 {[%emt 0:00:01]} h6 {[%emt 0:00:04]} 16. Bxf6 {[%emt
0:00:03]} Qxf6 {[%emt 0:00:02]} 17. Qxc5 {[%emt 0:00:06]} Rac8 {[%emt 0:00:18]}
18. Qf5 {[%emt 0:00:11]} Qd6 {[%emt 0:00:17]} 19. Rad1 {[%emt 0:00:07]} Qb4 {
[%emt 0:00:02]} 20. Rb1 {[%emt 0:00:10]} Rfe8 {[%emt 0:00:09]} 21. a3 {[%emt 0:
00:04]} Qe7 {[%emt 0:00:10]} 22. Nd5 {[%emt 0:00:20]} Bxd5 {[%emt 0:00:05]} 23.
exd5 {[%emt 0:00:01]} Qxe1+ {[%emt 0:00:13]} 24. Rxe1 {[%emt 0:00:02]} Rxe1+ {
[%emt 0:00:00]} 25. Kh2 {[%emt 0:00:02]} Rd8 {[%emt 0:00:02]} 26. Qf4 {[%emt 0:
00:09]} Rxd5 {[%emt 0:00:12]} 27. Qxc7 {[%emt 0:00:01]} Rdd1 {[%emt 0:00:09]}
28. Qc8+ {[%emt 0:00:02]} Kh7 {[%emt 0:00:03]} 29. Qxa6 {[%emt 0:00:01]} Re2 {
[%emt 0:00:12]} 30. Qxb5 {[%emt 0:00:03]} Rxf2 {[%emt 0:00:03]} 31. a4 {[%emt
0:00:05]} Rdd2 {[%emt 0:00:03]} 32. Qb7 {[%emt 0:00:23]} Rxc2 {[%emt 0:00:03]}
33. b3 {[%emt 0:00:04]} Ra2 {[%emt 0:00:09]} 34. a5 {[%emt 0:00:01]} Rxa5 {
[%emt 0:00:06]} 35. Qe4+ {[%emt 0:00:06]} f5 {[%emt 0:00:03]} 36. Qe3 {[%emt 0:
00:07]} Raa2 {[%emt 0:00:02]} 37. Qg3 {[%emt 0:00:08]} Rac2 {[%emt 0:00:11]}
38. b4 {[%emt 0:00:02]} Rb2 {[%emt 0:00:02]} 39. b5 {[%emt 0:00:03]} Rfc2 {
[%emt 0:00:03]} 40. b6 {[%emt 0:00:14]} Rxb6 {[%emt 0:00:05]} 41. Qd3 {[%emt 0:
00:03]} Rc5 {[%emt 0:00:06]} 42. Qd4 {[%emt 0:00:03]} Rbb5 {[%emt 0:00:04]} 43.
Qf4 {[%emt 0:00:02]} Rb2 {[%emt 0:00:06]} 44. Qe3 {[%emt 0:00:05]} Rcc2 {[%emt
0:00:07]} 45. Qf3 {[%emt 0:00:03]} Rxg2+ {[%emt 0:00:03]} 46. Qxg2 {[%emt 0:00:
02]} Rxg2+ {[%emt 0:00:00]} 47. Kxg2 {[%emt 0:00:00]} g5 {[%emt 0:00:01]} 48.
Kf3 {[%emt 0:00:00]} Kg6 {[%emt 0:00:01]} 49. Ke3 {[%emt 0:00:01]} f4+ {[%emt
0:00:01]} 50. Kf3 {[%emt 0:00:01]} Kf5 {[%emt 0:00:01]} 51. Kf2 {[%emt 0:00:04]
} Ke4 {[%emt 0:00:03]} 52. Ke2 {[%emt 0:00:01]} f3+ {[%emt 0:00:01]} 53. Kf2 {
[%emt 0:00:01]} Kf4 {[%emt 0:00:01] Kenis abandonne} 0-1

[Event "T-Director's Swiss sytem"]
[Site "playchess.com #662980"]
[Date "2014.03.16"]
[Round "2"]
[White "Khennous8"]
[Black "Jrt"]
[Result "0-1"]
[WhiteElo "1911"]
[BlackElo "2400"]
[PlyCount "200"]
[EventDate "2014.03.16"]
[EventType "swiss (blitz)"]

1. d4 {[%emt 0:00:01]} Nf6 {[%emt 0:00:01]} 2. Nf3 {[%emt 0:00:01]} g6 {[%emt
0:00:02]} 3. c4 {[%emt 0:00:03]} c5 {[%emt 0:00:01]} 4. g3 {[%emt 0:00:01]} Bg7
{[%emt 0:00:03]} 5. Bg2 {[%emt 0:00:01]} O-O {[%emt 0:00:01]} 6. O-O {[%emt 0:
00:01]} d6 {[%emt 0:00:00]} 7. Nc3 {[%emt 0:00:02]} Nc6 {[%emt 0:00:01]} 8.
dxc5 {[%emt 0:00:08]} dxc5 {[%emt 0:00:03]} 9. a3 {[%emt 0:00:07]} Be6 {[%emt
0:00:06]} 10. Nd2 {[%emt 0:00:22]} Qb6 {[%emt 0:00:13]} 11. Qc2 {[%emt 0:00:03]
} Nd4 {[%emt 0:00:09]} 12. Qa4 {[%emt 0:00:24]} Rfd8 {[%emt 0:00:19]} 13. e3 {
[%emt 0:00:06]} Nc6 {[%emt 0:00:06]} 14. Qb5 {[%emt 0:00:13]} Ne5 {[%emt 0:00:
20]} 15. Qxb6 {[%emt 0:00:04]} axb6 {[%emt 0:00:01]} 16. Bxb7 {[%emt 0:00:01]}
Rab8 {[%emt 0:00:01]} 17. Bg2 {[%emt 0:00:07]} Nxc4 {[%emt 0:00:01]} 18. Nxc4 {
[%emt 0:00:09]} Bxc4 {[%emt 0:00:00]} 19. Re1 {[%emt 0:00:02]} Nd7 {[%emt 0:00:
04]} 20. Nd5 {[%emt 0:00:08]} Kf8 {[%emt 0:00:11]} 21. e4 {[%emt 0:00:09]} Ne5
{[%emt 0:00:07]} 22. Bg5 {[%emt 0:00:09]} f6 {[%emt 0:00:07]} 23. Bf4 {[%emt 0:
00:06]} e6 {[%emt 0:00:16]} 24. Bxe5 {[%emt 0:00:07]} fxe5 {[%emt 0:00:05]} 25.
Ne3 {[%emt 0:00:07]} Bb3 {[%emt 0:00:01]} 26. Bf1 {[%emt 0:00:27]} b5 {[%emt 0:
00:02]} 27. Rac1 {[%emt 0:00:11]} c4 {[%emt 0:00:01]} 28. Re2 {[%emt 0:00:24]}
Rd4 {[%emt 0:00:17]} 29. Nc2 {[%emt 0:00:02]} Rd6 {[%emt 0:00:06]} 30. Nb4 {
[%emt 0:00:04]} Rbd8 {[%emt 0:00:08]} 31. Bh3 {[%emt 0:00:03]} Ke7 {[%emt 0:00:
03]} 32. Rce1 {[%emt 0:00:06]} Bh6 {[%emt 0:00:11]} 33. Bg2 {[%emt 0:00:05]}
Bd2 {[%emt 0:00:04]} 34. Ra1 {[%emt 0:00:01]} Bh6 {[%emt 0:00:05]} 35. h4 {
[%emt 0:00:15]} Rc8 {[%emt 0:00:34]} 36. Nc2 {[%emt 0:00:09]} Rcd8 {[%emt 0:00:
10]} 37. Nb4 {[%emt 0:00:02]} R8d7 {[%emt 0:00:05]} 38. Bh3 {[%emt 0:00:13]}
Bd1 {[%emt 0:00:13]} 39. Re1 {[%emt 0:00:01]} Bb3 {[%emt 0:00:01]} 40. Re2 {
[%emt 0:00:01]} Kf6 {[%emt 0:00:06]} 41. Rae1 {[%emt 0:00:04]} Bd2 {[%emt 0:00:
03]} 42. Ra1 {[%emt 0:00:01]} Bh6 {[%emt 0:00:02]} 43. Rae1 {[%emt 0:00:01]}
Ra7 {[%emt 0:00:00]} 44. Nc2 {[%emt 0:00:05]} Ke7 {[%emt 0:00:08]} 45. Ne3 {
[%emt 0:00:01]} Rd3 {[%emt 0:00:10]} 46. Ng4 {[%emt 0:00:02]} Bg7 {[%emt 0:00:
01]} 47. h5 {[%emt 0:00:08]} gxh5 {[%emt 0:00:11]} 48. Ne3 {[%emt 0:00:02]} Bh6
{[%emt 0:00:02]} 49. Nc2 {[%emt 0:00:05]} Rad7 {[%emt 0:00:06]} 50. Nb4 {[%emt
0:00:06]} R3d6 {[%emt 0:00:02]} 51. Bg2 {[%emt 0:00:08]} Bg5 {[%emt 0:00:12]}
52. Bf3 {[%emt 0:00:04]} h4 {[%emt 0:00:01]} 53. Kg2 {[%emt 0:00:10]} hxg3 {
[%emt 0:00:02]} 54. fxg3 {[%emt 0:00:01]} Kd8 {[%emt 0:00:14]} 55. Rh1 {[%emt
0:00:07]} h6 {[%emt 0:00:01]} 56. Rf1 {[%emt 0:00:15]} Kc7 {[%emt 0:00:01]} 57.
Bg4 {[%emt 0:00:02]} Rg7 {[%emt 0:00:15]} 58. Kh3 {[%emt 0:00:06]} Bd1 {[%emt
0:00:17]} 59. Rg2 {[%emt 0:00:22]} Bb3 {[%emt 0:00:12]} 60. Rf8 {[%emt 0:00:03]
} Be3 {[%emt 0:00:19]} 61. Ra8 {[%emt 0:00:07]} Kb7 {[%emt 0:00:03]} 62. Re8 {
[%emt 0:00:03]} c3 {[%emt 0:00:01]} 63. bxc3 {[%emt 0:00:02]} Bc1 {[%emt 0:00:
01]} 64. Be2 {[%emt 0:00:10]} Bc4 {[%emt 0:00:13] '} 65. Bxc4 {[%emt 0:00:01]}
bxc4 {[%emt 0:00:00]} 66. Rh8 {[%emt 0:00:01]} Bg5 {[%emt 0:00:02]} 67. Ra2 {
[%emt 0:00:02]} Rd3 {[%emt 0:00:02]} 68. Rc2 {[%emt 0:00:01]} Re3 {[%emt 0:00:
03]} 69. Na2 {[%emt 0:00:02]} Bf4 {[%emt 0:00:01]} 70. Kg2 {[%emt 0:00:02]}
Rgxg3+ {[%emt 0:00:02]} 71. Kf1 {[%emt 0:00:00]} Rh3 {[%emt 0:00:01]} 72. Rg8 {
[%emt 0:00:01]} Bg3 {[%emt 0:00:01]} 73. Nb4 {[%emt 0:00:02]} Bf4 {[%emt 0:00:
01]} 74. Rb2 {[%emt 0:00:01]} Kc7 {[%emt 0:00:02]} 75. Kg2 {[%emt 0:00:01]}
Rhg3+ {[%emt 0:00:01]} 76. Rxg3 {[%emt 0:00:02]} Rxg3+ {[%emt 0:00:00]} 77. Kf2
{[%emt 0:00:01]} Rxc3 {[%emt 0:00:00]} 78. a4 {[%emt 0:00:01]} Ra3 {[%emt 0:00:
01]} 79. Rc2 {[%emt 0:00:03]} c3 {[%emt 0:00:01]} 80. Nd3 {[%emt 0:00:02]} Bd2
{[%emt 0:00:01]} 81. Nc5 {[%emt 0:00:03]} Kd6 {[%emt 0:00:02]} 82. Nb7+ {[%emt
0:00:03]} Kc6 {[%emt 0:00:02]} 83. Nd8+ {[%emt 0:00:01]} Kd7 {[%emt 0:00:01]}
84. Nf7 {[%emt 0:00:01]} Ke7 {[%emt 0:00:03]} 85. Nxe5 {[%emt 0:00:01]} Rxa4 {
[%emt 0:00:00]} 86. Ng4 {[%emt 0:00:02]} h5 {[%emt 0:00:02]} 87. Ne5 {[%emt 0:
00:04]} Rxe4 {[%emt 0:00:01]} 88. Nf3 {[%emt 0:00:02]} Rf4 {[%emt 0:00:03]} 89.
Kg2 {[%emt 0:00:00]} Kf6 {[%emt 0:00:03]} 90. Nxd2 {[%emt 0:00:01]} cxd2 {
[%emt 0:00:00]} 91. Rxd2 {[%emt 0:00:00]} Kf5 {[%emt 0:00:00]} 92. Kh3 {[%emt
0:00:01]} Kg5 {[%emt 0:00:03]} 93. Re2 {[%emt 0:00:02]} Kf5 {[%emt 0:00:02]}
94. Ra2 {[%emt 0:00:02]} e5 {[%emt 0:00:01]} 95. Ra5 {[%emt 0:00:02]} Rd4 {
[%emt 0:00:03]} 96. Rb5 {[%emt 0:00:02]} Kf4 {[%emt 0:00:02]} 97. Kh4 {[%emt 0:
00:01]} e4 {[%emt 0:00:01]} 98. Rxh5 {[%emt 0:00:04]} e3 {[%emt 0:00:02]} 99.
Rh8 {[%emt 0:00:03]} e2 {[%emt 0:00:02]} 100. Rf8+ {[%emt 0:00:12]} Ke3+ {
[%emt 0:00:01] Khennous8 abandonne} 0-1

[Event "T-Director's Swiss sytem"]
[Site "playchess.com #662980"]
[Date "2014.03.16"]
[Round "4"]
[White "Khennous8"]
[Black "Kokkinoskoufitsa"]
[Result "0-1"]
[WhiteElo "1916"]
[BlackElo "2127"]
[PlyCount "52"]
[EventDate "2014.03.16"]
[EventType "swiss (blitz)"]

1. d4 {[%emt 0:00:02]} Nf6 {[%emt 0:00:07]} 2. Nf3 {[%emt 0:00:03]} g6 {[%emt
0:00:02]} 3. g3 {[%emt 0:00:01]} Bg7 {[%emt 0:00:01]} 4. Bg2 {[%emt 0:00:01]}
O-O {[%emt 0:00:02]} 5. c4 {[%emt 0:00:03]} d6 {[%emt 0:00:03]} 6. O-O {[%emt
0:00:01]} c6 {[%emt 0:00:01]} 7. Nc3 {[%emt 0:00:01]} Bf5 {[%emt 0:00:02]} 8.
Re1 {[%emt 0:00:12]} Ne4 {[%emt 0:00:02]} 9. Qb3 {[%emt 0:00:08]} Qc7 {[%emt 0:
00:15]} 10. Bf4 {[%emt 0:00:14]} Nxc3 {[%emt 0:00:34]} 11. bxc3 {[%emt 0:00:03]
} Be4 {[%emt 0:00:09]} 12. c5 {[%emt 0:00:07]} Nd7 {[%emt 0:00:05]} 13. cxd6 {
[%emt 0:00:06]} exd6 {[%emt 0:00:02]} 14. Qa3 {[%emt 0:00:04]} c5 {[%emt 0:00:
02]} 15. dxc5 {[%emt 0:00:22]} Nxc5 {[%emt 0:00:13]} 16. Rad1 {[%emt 0:00:07]}
Rfd8 {[%emt 0:00:02]} 17. Nd4 {[%emt 0:00:08]} Bxg2 {[%emt 0:00:07]} 18. Kxg2 {
[%emt 0:00:01]} Ne4 {[%emt 0:00:05]} 19. Rd3 {[%emt 0:00:36]} b6 {[%emt 0:00:
16]} 20. f3 {[%emt 0:00:08]} Nc5 {[%emt 0:00:04]} 21. Nb5 {[%emt 0:00:11]} Qc6
{[%emt 0:00:14]} 22. c4 {[%emt 0:00:14]} Nxd3 {[%emt 0:00:13]} 23. exd3 {[%emt
0:00:02]} Be5 {[%emt 0:00:08]} 24. Bxe5 {[%emt 0:00:12]} dxe5 {[%emt 0:00:04]}
25. Rxe5 {[%emt 0:00:02]} a6 {[%emt 0:00:23]} 26. Nc3 {[%emt 0:01:14]} Rxd3 {
[%emt 0:00:08] Khennous8 abandonne} 0-1

[Event "T-Director's Swiss sytem"]
[Site "playchess.com #662980"]
[Date "2014.03.16"]
[Round "4"]
[White "Kingston Town"]
[Black "Adamavi"]
[Result "1-0"]
[WhiteElo "2057"]
[BlackElo "1442"]
[PlyCount "67"]
[EventDate "2014.03.16"]
[EventType "swiss (blitz)"]

1. d4 {[%emt 0:00:01]} d5 {[%emt 0:00:06]} 2. c4 {[%emt 0:00:03]} Nf6 {[%emt 0:
00:01]} 3. Nc3 {[%emt 0:00:04]} e6 {[%emt 0:00:02]} 4. Nf3 {[%emt 0:00:03]} Be7
{[%emt 0:00:02]} 5. Bg5 {[%emt 0:00:01]} O-O {[%emt 0:00:05]} 6. e3 {[%emt 0:
00:01]} c6 {[%emt 0:00:02]} 7. cxd5 {[%emt 0:00:04]} exd5 {[%emt 0:00:03]} 8.
Bd3 {[%emt 0:00:01]} Nbd7 {[%emt 0:00:10]} 9. Qc2 {[%emt 0:00:02]} Re8 {[%emt
0:00:12]} 10. O-O {[%emt 0:00:02]} Nf8 {[%emt 0:00:05]} 11. Rab1 {[%emt 0:00:
09]} Be6 {[%emt 0:00:20]} 12. b4 {[%emt 0:00:17]} Rc8 {[%emt 0:00:30]} 13. a4 {
[%emt 0:00:08]} a6 {[%emt 0:00:46]} 14. Rfd1 {[%emt 0:00:05]} h6 {[%emt 0:00:
10]} 15. Bxf6 {[%emt 0:00:04]} Bxf6 {[%emt 0:00:02]} 16. Nd2 {[%emt 0:00:00]}
Bg4 {[%emt 0:00:17]} 17. Rdc1 {[%emt 0:00:08]} Qd7 {[%emt 0:00:52]} 18. Nb3 {
[%emt 0:00:02]} Be7 {[%emt 0:00:08]} 19. Nc5 {[%emt 0:00:01]} Bxc5 {[%emt 0:00:
05]} 20. bxc5 {[%emt 0:00:02]} g6 {[%emt 0:00:28]} 21. Rb6 {[%emt 0:00:13]} Rb8
{[%emt 0:00:16]} 22. Rcb1 {[%emt 0:00:02]} Nh7 {[%emt 0:00:17]} 23. Bxa6 {
[%emt 0:00:03]} Bf5 {[%emt 0:00:14]} 24. Bd3 {[%emt 0:00:02]} Bxd3 {[%emt 0:00:
03]} 25. Qxd3 {[%emt 0:00:00]} Ng5 {[%emt 0:00:04]} 26. f3 {[%emt 0:00:09]} Qe7
{[%emt 0:00:08]} 27. Kf2 {[%emt 0:00:03]} Qf6 {[%emt 0:00:04]} 28. Rxb7 {[%emt
0:00:06]} Rxb7 {[%emt 0:00:06]} 29. Rxb7 {[%emt 0:00:00]} Ne6 {[%emt 0:00:06]}
30. g3 {[%emt 0:00:05]} Qg5 {[%emt 0:00:03]} 31. f4 {[%emt 0:00:04]} Qh5 {
[%emt 0:00:04]} 32. Kg2 {[%emt 0:00:04]} Ng7 {[%emt 0:00:05]} 33. e4 {[%emt 0:
00:12]} Nf5 {[%emt 0:00:03]} 34. exf5 {[%emt 0:00:04] Adamavi resigns} 1-0

[Event "T-Director's Swiss sytem"]
[Site "playchess.com #662980"]
[Date "2014.03.16"]
[Round "1"]
[White "Kingston Town"]
[Black "Ecelal"]
[Result "1-0"]
[WhiteElo "2028"]
[BlackElo "1403"]
[PlyCount "49"]
[EventDate "2014.03.16"]
[EventType "swiss (blitz)"]

1. d4 {[%emt 0:00:02]} Nf6 {[%emt 0:00:02]} 2. c4 {[%emt 0:00:02]} e6 {[%emt 0:
00:01]} 3. Nc3 {[%emt 0:00:04]} Be7 {[%emt 0:00:04]} 4. e4 {[%emt 0:00:01]} d5
{[%emt 0:00:05]} 5. cxd5 {[%emt 0:00:02]} exd5 {[%emt 0:00:06]} 6. e5 {[%emt 0:
00:01]} Ng8 {[%emt 0:00:19]} 7. Nf3 {[%emt 0:00:03]} c5 {[%emt 0:00:11]} 8.
dxc5 {[%emt 0:00:05]} Nc6 {[%emt 0:00:03]} 9. Qxd5 {[%emt 0:00:03]} Be6 {[%emt
0:00:09]} 10. Qxd8+ {[%emt 0:00:04]} Rxd8 {[%emt 0:00:02]} 11. Ne4 {[%emt 0:00:
09]} f6 {[%emt 0:00:22]} 12. Nd6+ {[%emt 0:00:05]} Bxd6 {[%emt 0:00:08]} 13.
exd6 {[%emt 0:00:02]} h5 {[%emt 0:00:43]} 14. Bb5 {[%emt 0:00:04]} g5 {[%emt 0:
00:21]} 15. O-O {[%emt 0:00:03]} Nh6 {[%emt 0:00:09]} 16. Nd4 {[%emt 0:00:09]}
Kf7 {[%emt 0:00:26]} 17. Nxe6 {[%emt 0:00:11]} Kxe6 {[%emt 0:00:02]} 18. Bc4+ {
[%emt 0:00:02]} Kd7 {[%emt 0:00:19]} 19. Bd2 {[%emt 0:00:01]} Ne5 {[%emt 0:00:
09]} 20. Bd5 {[%emt 0:00:04]} Kc8 {[%emt 0:00:13]} 21. f4 {[%emt 0:00:04]} gxf4
{[%emt 0:00:21]} 22. Bxf4 {[%emt 0:00:00]} Rde8 {[%emt 0:00:20]} 23. Rae1 {
[%emt 0:00:08]} Nd7 {[%emt 0:00:17]} 24. Rxe8+ {[%emt 0:00:04]} Rxe8 {[%emt 0:
00:03]} 25. Bxh6 {[%emt 0:00:00] Ecelal resigns} 1-0